La vita militare

में बचाया:
ग्रंथसूची विवरण
मुख्य लेखक: De Amicis, Edmondo
स्वरूप: पुस्तक
भाषा:अंग्रेज़ी
टैग: टैग जोड़ें
कोई टैग नहीं, इस रिकॉर्ड को टैग करने वाले पहले व्यक्ति बनें!

MARC

LEADER 00000nam a22000007i 4500
001 CDOM0000001968
003 mi
005 20250907123448.0
008 250907b |||||||| |||| 00| 1 eng d
040 |c mi 
100 |a De Amicis, Edmondo 
245 1 |a La vita militare  
942 |2 ddc  |c BK 
952 |0 0  |1 0  |2 ddc  |4 0  |7 1  |9 5713  |a MI  |b MI  |d 1989-02-22  |i 1586  |l 0  |p CDOM1586  |r 2025-07-13 16:28:00  |w 2025-07-13  |x ACQUISTO  |y BK 
999 |c 4555  |d 4555